Relation des opérations de l'armée aux ordres du prince Joseph Poniatowski pendant la campagne de 1809 en Pologne contre les autrichiens... / (Record no. 165544)
[ view plain ]
| 000 -LEADER | |
|---|---|
| campo de control de longitud fija | 01017nam a2200205 i 4500 |
| 001 - NÚMERO DE CONTROL | |
| campo de control | 165544 |
| 003 - IDENTIFICADOR DE NÚMERO DE CONTROL | |
| campo de control | ES-MaACL |
| 005 - FECHA Y HORA DE LA ÚLTIMA TRANSACCIÓN | |
| campo de control | 20250930063147.0 |
| 008 - DATOS DE LONGITUD FIJA--INFORMACIÓN GENERAL | |
| campo de control de longitud fija | 050825s1841 fr a | |||||||| ||fre d |
| 080 ## - NÚMERO DE LA CLASIFICACIÓN DECIMAL UNIVERSAL | |
| Número de la Clasificación Decimal Universal | 94(438)"1795/1830" |
| 100 1# - ENTRADA PRINCIPAL--NOMBRE DE PERSONA | |
| Nombre de persona | Soltyk, Roman, |
| Fechas asociadas al nombre | 1791-1843 |
| 9 (RLIN) | 176188 |
| 245 10 - MENCIÓN DEL TÍTULO | |
| Título | Relation des opérations de l'armée aux ordres du prince Joseph Poniatowski pendant la campagne de 1809 en Pologne contre les autrichiens... / |
| Mención de responsabilidad, etc. | par Roman Soltyk. |
| 260 ## - PUBLICACIÓN, DISTRIBUCIÓN, ETC. | |
| Lugar de publicación, distribución, etc. | Paris : |
| Nombre del editor, distribuidor, etc. | Imp. et librairie militaire de Gaultier-Laguionie, |
| Fecha de publicación, distribución, etc. | 1841. |
| 300 ## - DESCRIPCIÓN FÍSICA | |
| Extensión | 403 p., [1] h. de lám., [1] h. pleg. de mapa ; |
| Dimensiones | 22 cm. |
| 599 ## - NOTA A LAS ILUSTRACIONES | |
| NOTA A LAS ILUSTRACIONES | Lám.: retrato de Joseph Poniatowski; Mapa: "Tableau des batailles et combats livrés par l'armée Polonaise contre les Autrichiens en 1809" |
| 600 14 - PUNTO DE ACCESO ADICIONAL DE MATERIA--NOMBRE DE PERSONA | |
| Nombre de persona | Poniatowski, Józef Antoni, |
| Títulos y otros términos asociados al nombre | Prince ( |
| Fechas asociadas al nombre | 1763-1813) |
| 9 (RLIN) | 176189 |
| 651 #4 - PUNTO DE ACCESO ADICIONAL DE MATERIA--NOMBRE GEOGRÁFICO | |
| Nombre geográfico | Polonia- |
| Subdivisión general | Historia- |
| Subdivisión cronológica | 1795-1830. |
| 9 (RLIN) | 176187 |
| 852 4# - LOCALIZACIÓN | |
| Ubicación | ES-MaACL |
| Número de control de estantería | G-4793 |
| Nota libre | - Enc. hol. |
| -- | - Legado Modesto Lafuente |
| Estatus retirado | Estado de pérdida | Estado de daño | No para préstamo | Colección | Biblioteca de origen | Biblioteca actual | Ubicación en estantería | Fecha de adquisición | Fuente de adquisición | Total de préstamos | Signatura topográfica completa | Código de barras | Visto por última vez | Precio de reemplazo | Tipo de ítem Koha |
|---|---|---|---|---|---|---|---|---|---|---|---|---|---|---|---|
| Libros del s. XIX | Biblioteca del Ateneo de Madrid | Biblioteca del Ateneo de Madrid | Depósito 2 | 17/01/2008 | G-4793 | 1173604 | 23/02/2023 | 23/02/2023 | Libro impreso antiguo |
